|
|
|
|
| LEADER |
00000nam0a2200000 4500 |
| 001 |
114782 |
| 005 |
20231031122348.0 |
| 035 |
|
|
|a (RuTPU)RU\TPU\book\124135
|
| 090 |
|
|
|a 114782
|
| 100 |
|
|
|a 20070426d1978 k y0rusy50 ca
|
| 101 |
0 |
|
|a rus
|
| 102 |
|
|
|a RU
|
| 105 |
|
|
|a a b 000zy
|
| 200 |
1 |
|
|a Огнеупорные изделия
|e кремнеземистые изделия
|e каталог
|f Центральный научно-исследовательский институт информации и технико-экономических исследований черной металлургии; сост. П. Б. Бернштейн, М. И. Белова
|
| 210 |
|
|
|a Москва
|c Центральный научно-исследовательский институт информации и технико-экономических исследований черной металлургии
|d 1978
|
| 215 |
|
|
|a 84 с.
|c ил.
|
| 333 |
|
|
|a Исключено из фонда НТБ ТПУ
|
| 702 |
|
1 |
|a Бернштейн
|b П. Б.
|4 220
|
| 702 |
|
1 |
|a Белова
|b М. И.
|4 220
|
| 712 |
0 |
2 |
|a Центральный научно-исследовательский институт информации и технико-экономических исследований черной металлургии (Черметинформация)
|
| 801 |
|
1 |
|a RU
|b 63413507
|c 20070426
|g PSBO
|
| 801 |
|
2 |
|a RU
|b 63413507
|c 20220617
|g RCR
|
| 942 |
|
|
|c BK
|